[Event "CZE-chT2A 1011"]
[Site "Czech Republic"]
[Date "2011.02.06"]
[Round "7"]
[White "Moronga, Jan"]
[Black "Tuzil, Vitezslav"]
[Result "1/2-1/2"]
[WhiteElo "1914"]
[BlackElo "2134"]
[PlyCount "24"]
[EventDate "2010.10.17"]
[EventType "team-tourn"]
[EventRounds "11"]
[EventCountry "CZE"]
[SourceTitle "EXT 2012"]
[Source "ChessBase"]
[SourceDate "2011.11.24"]
[SourceVersion "1"]
[SourceVersionDate "2011.11.24"]
[SourceQuality "1"]
[WhiteTeam "Cesky Krumlov"]
[BlackTeam "Plzen Sokol"]
[WhiteTeamCountry "CZE"]
[BlackTeamCountry "CZE"]

1. c4 e5 2. Nc3 Nc6 3. Nf3 Nf6 4. d4 exd4 5. Nxd4 Bc5 6. e3 d5 7. cxd5 Nxd5 8. Nxc6 bxc6 9. Nxd5 Qxd5 10. Qxd5 cxd5 11. Bb5+ Bd7 12. Bxd7+ Kxd7 1/2-1/2